00491cam a22001572 4500001001100000005001700011008004100028040001500069110006900084245008900153250001300242260002600255300001500281650003400296852000300330000002352020151217161203.0130211s xx 000 0 eng d aKABUcKABU2 aInternational Organization for Standardization [ISO]@000018294610aISO 28000 Specification for security management systems for the supply chain /cISO. a1st ed. aGeneva :bISO,c2007. avi, 16 p. 0aSecurity systems.@00001829581